JPLT N5 Kanji 0-34 - Statistiques

Statistiques générales
  • Ce quiz a été pris 85 fois
    68 depuis la dernière actualisation
  • Le résultat moyen est 21 sur 34
Statistiques - réponses
Kanji Traduction % Correct
1
98%
Jour, Soleil
98%
Pluie
93%
Enfant
90%
Bois, Arbre
88%
Grand
83%
Milieu
80%
Aller
78%
Chien
78%
Manger
73%
Année
71%
Acheter
68%
Nord
68%
Oreille
66%
Paradis
66%
Boire
63%
Chat
61%
Peu
56%
Venir
56%
Nombreux
54%
Sud
54%
Ciel, Vide
51%
Haut, Cher (prix)
51%
Semaine
51%
École
49%
Rouge
49%
Avant, Précédent
46%
Chaque, Tout
46%
Matin
46%
Nouveau
46%
Bleu
41%
Nuit
39%
Après
37%
Même
32%
Aucun quiz correspondant
Distribution des résultats
% des personnes avec chaque résultat
Percentile par nombre de réponses
Votre historique - résultats
Vous n’avez pas pris ce quiz depuis la dernière actualisation